Inside Iran : life under Khomeini's regime /

Bibliographic Details
Main Author: Simpson, John, 1944-
Format: Book
Language:English
Published: New York : St. Martin's Press, [1988]
Edition:1st U.S. ed.
Subjects:

MARC

Tag First Indicator Second Indicator Subfields
LEADER 00000cam a2200000 a 4500
001 in00000027027
005 20151007055847.0
008 870925s1988 nyuaf b 00110aeng
010 |a  87027484  
020 |a 0312014481 :  |c $16.95 
035 |a (OCoLC)16922826 
035 |9 AAB9472AM 
040 |a DLC  |c DLC  |d TXA  |d UtOrBLW 
043 |a a-ir--- 
049 |a TXAM  |c [A11116277] 
050 0 0 |a DS259.2  |b .S58 1988 
082 0 |a 955/.054  |2 19 
100 1 |a Simpson, John,  |d 1944- 
245 1 0 |a Inside Iran :  |b life under Khomeini's regime /  |c John Simpson. 
250 |a 1st U.S. ed. 
264 1 |a New York :  |b St. Martin's Press,  |c [1988] 
264 4 |c ©1988 
300 |a 368 pages, 12 unnumbered pages of plates :  |b illustrations ;  |c 22 cm. 
336 |a text  |b txt  |2 rdacontent 
337 |a unmediated  |b n  |2 rdamedia 
338 |a volume  |b nc  |2 rdacarrier 
504 |a Bibliography: pages 357-359. 
500 |a Includes index. 
651 0 |a Iran  |x Description and travel. 
651 0 |a Iran  |x Politics and government  |y 1979-1997. 
600 1 0 |a Simpson, John,  |d 1944-  |x Travel  |z Iran. 
999 |a MARS 
999 f f |s 868d19d0-df6b-39d7-900d-b6dcd530ca15  |i 42a136d2-6b05-3dd8-9618-7eb13de76f6f  |t 0 
952 f f |p ric  |a Texas A&M University  |b Rellis Campus  |c Joint Library Facility  |d Remote Storage  |t 0  |e DS259.2 .S58 1988  |h Library of Congress classification  |i unmediated -- volume  |m A14811116277 
998 f f |a DS259.2 .S58 1988  |t 0  |l Remote Storage